[Event "RB-2019-0-00383"]
[Site "LSS email"]
[Date "2019.12.25"]
[Round "?"]
[White "Obukhov, Gennady Nikolaevich"]
[Black "Csernus, Robert"]
[Result "1/2-1/2"]
[WhiteElo "1965"]
[BlackElo "1996"]
[PlyCount "56"]
[EventDate "2019.10.30"]
[EventType "tourn (corr)"]
[EventRounds "6"]
[EventCountry "GER"]
[SourceTitle "Corr 2022"]
[Source "ChessBase"]
[SourceDate "2021.10.24"]
[SourceVersion "1"]
[SourceVersionDate "2021.10.24"]
[SourceQuality "1"]

1. e4 c5 2. Nf3 e6 3. d4 cxd4 4. Nxd4 Nf6 5. Nd2 d6 6. c4 Be7 7. b3 Qa5 8. Qc2 e5 9. Nb5 a6 10. Nc3 Nc6 11. Bb2 Nd4 12. Qd3 0-0 13. Be2 Be6 14. 0-0 b5 15. Rfd1 Rfc8 16. Nd5 Nxe2+ 17. Qxe2 Nxd5 18. exd5 Bf5 19. f4 f6 20. g4 Bd7 21. Kh1 bxc4 22. Nxc4 Bb5 23. g5 Rab8 24. gxf6 Bxf6 25. fxe5 dxe5 26. Rf1 Qc7 27. Rac1 Qb7 28. Qe4 Bxc4 1/2-1/2

[Event "RB-2019-0-00383"]
[Site "LSS email"]
[Date "2019.12.24"]
[Round "?"]
[White "Obukhov, Gennady Nikolaevich"]
[Black "Farnik, Kym"]
[Result "1/2-1/2"]
[WhiteElo "1965"]
[BlackElo "1825"]
[PlyCount "38"]
[EventDate "2019.10.30"]
[EventType "tourn (corr)"]
[EventRounds "6"]
[EventCountry "GER"]
[SourceTitle "Corr 2022"]
[Source "ChessBase"]
[SourceDate "2021.10.24"]
[SourceVersion "1"]
[SourceVersionDate "2021.10.24"]
[SourceQuality "1"]

1. e4 c5 2. Nf3 d6 3. d4 cxd4 4. Qxd4 Nf6 5. e5 Nc6 6. Bb5 Qa5+ 7. Nc3 Qxb5 8. Nxb5 Nxd4 9. Nbxd4 dxe5 10. Nxe5 Nd5 11. Nd3 g6 12. b3 Bg7 13. Bb2 0-0 14. 0-0-0 Rd8 15. Rhe1 Bg4 16. f3 Bh6+ 17. Kb1 Bc8 18. g3 Ne3 19. Rc1 Nd5 1/2-1/2

[Event "OP-2019-0-04898"]
[Site "LSS email"]
[Date "2019.12.21"]
[Round "?"]
[White "Obukhov, Gennady Nikolaevich"]
[Black "Schleef, Harald"]
[Result "1/2-1/2"]
[WhiteElo "1939"]
[BlackElo "1961"]
[PlyCount "39"]
[EventDate "2019.12.15"]
[EventType "tourn (corr)"]
[EventRounds "4"]
[EventCountry "GER"]
[SourceTitle "Corr 2022"]
[Source "ChessBase"]
[SourceDate "2021.10.24"]
[SourceVersion "1"]
[SourceVersionDate "2021.10.24"]
[SourceQuality "1"]

1. e4 e5 2. d4 exd4 3. Qxd4 Nc6 4. Qe3 Nf6 5. Bd2 Be7 6. Nc3 d5 7. exd5 Nxd5 8. Nxd5 Qxd5 9. Ne2 Bf5 10. Nf4 Qd7 11. 0-0-0 0-0-0 12. Bd3 Bxd3 13. Qxd3 Qxd3 14. Nxd3 Rd7 15. Rhe1 Rhd8 16. Bc3 b6 17. Bxg7 Rg8 18. Be5 Nxe5 19. Rxe5 Rxg2 20. Rh5 1/2-1/2

[Event "SB-2019-0-00587"]
[Site "LSS email"]
[Date "2019.12.21"]
[Round "?"]
[White "Sundqvist, Christer"]
[Black "Obukhov, Gennady Nikolaevich"]
[Result "1/2-1/2"]
[WhiteElo "2095"]
[BlackElo "1965"]
[PlyCount "78"]
[EventDate "2019.10.29"]
[EventType "tourn (corr)"]
[EventRounds "6"]
[EventCountry "GER"]
[SourceTitle "Corr 2022"]
[Source "ChessBase"]
[SourceDate "2021.10.24"]
[SourceVersion "1"]
[SourceVersionDate "2021.10.24"]
[SourceQuality "1"]

1. d4 Nf6 2. c4 e6 3. Nc3 Bb4 4. f3 d5 5. a3 Bxc3+ 6. bxc3 c5 7. cxd5 exd5 8. e3 Qc7 9. g4 0-0 10. Ne2 Re8 11. Kf2 Bxg4 12. fxg4 Nxg4+ 13. Kg1 Nxe3 14. Bxe3 Rxe3 15. Qd2 Re7 16. Bg2 Nd7 17. Rf1 Nf6 18. h4 Rae8 19. Nf4 Re3 20. Nxd5 Nxd5 21. Bxd5 Rg3+ 22. Bg2 Ree3 23. Rh2 Rxc3 24. dxc5 h5 25. Kh1 Rxc5 26. Be4 b5 27. Rg2 Rcc3 28. Qf4 Rh3+ 29. Kg1 a6 30. Rd2 Rhg3+ 31. Bg2 Qxf4 32. Rxf4 Rg4 33. Rd8+ Kh7 34. Rxg4 hxg4 35. Be4+ g6 36. Rd7 Kg7 37. Bd5 Rd3 38. Rxf7+ Kh6 39. Be6 Rxa3 1/2-1/2

[Event "RB-2019-0-00377"]
[Site "LSS email"]
[Date "2019.10.08"]
[Round "?"]
[White "Csernus, Robert"]
[Black "Obukhov, Gennady Nikolaevich"]
[Result "1/2-1/2"]
[WhiteElo "2022"]
[BlackElo "1933"]
[PlyCount "73"]
[EventDate "2019.07.19"]
[EventType "tourn (corr)"]
[EventRounds "6"]
[EventCountry "GER"]
[SourceTitle "Corr 2022"]
[Source "ChessBase"]
[SourceDate "2021.10.24"]
[SourceVersion "1"]
[SourceVersionDate "2021.10.24"]
[SourceQuality "1"]

1. c4 e5 2. Nc3 f5 3. g3 Nf6 4. Bg2 Be7 5. Nf3 d6 6. 0-0 0-0 7. d4 e4 8. Ne1 c6 9. d5 Nbd7 10. Nc2 Ne5 11. b3 h5 12. h4 c5 13. a4 Ng6 14. Bg5 Nd7 15. Qd2 Nde5 16. Rfb1 e3 17. Bxe3 Bxh4 18. Bf4 Bf6 19. e3 h4 20. Ne1 Kf7 21. Ra2 Qe7 22. Bxe5 Nxe5 23. gxh4 Rh8 24. Ne2 Rxh4 25. Nf4 Bd7 26. Ne6 Kg8 27. Nf3 Nxf3+ 28. Bxf3 Be5 29. Bg2 Qf6 30. f4 Bc3 31. Qd3 Kf7 32. Bf3 Rah8 33. Rg2 g6 34. Kf2 Ke7 35. Rbg1 Rh1 36. Qf1 R1h6 37. Ke2 1/2-1/2

[Event "SB-2019-0-00582"]
[Site "LSS email"]
[Date "2019.10.08"]
[Round "?"]
[White "Pilgram, Kurt"]
[Black "Obukhov, Gennady Nikolaevich"]
[Result "1-0"]
[WhiteElo "2189"]
[BlackElo "1933"]
[PlyCount "59"]
[EventDate "2019.07.29"]
[EventType "tourn (corr)"]
[EventRounds "6"]
[EventCountry "GER"]
[SourceTitle "Corr 2022"]
[Source "ChessBase"]
[SourceDate "2021.10.24"]
[SourceVersion "1"]
[SourceVersionDate "2021.10.24"]
[SourceQuality "1"]

1. d4 e6 2. e4 d5 3. Nc3 Nf6 4. e5 Nfd7 5. f4 c5 6. Nf3 Nc6 7. Be3 Be7 8. Qd2 0-0 9. dxc5 Nxc5 10. 0-0-0 a6 11. Kb1 b5 12. Bxc5 Bxc5 13. Bd3 Qc7 14. g4 Be7 15. h4 d4 16. Ne4 Bb7 17. Neg5 h6 18. Bh7+ Kh8 19. Be4 Rab8 20. Qe2 d3 21. cxd3 Qa5 22. d4 Kg8 23. Bh7+ Kh8 24. Bc2 Nb4 25. Bb3 Qb6 26. a3 Nd5 27. Qc2 Bxg5 28. Nxg5 f5 29. exf6 Nxf6 30. Rhe1 1-0

[Event "RB-2019-0-00377"]
[Site "LSS email"]
[Date "2019.10.07"]
[Round "?"]
[White "Wittal, Werner"]
[Black "Obukhov, Gennady Nikolaevich"]
[Result "1/2-1/2"]
[WhiteElo "1892"]
[BlackElo "1933"]
[PlyCount "96"]
[EventDate "2019.07.19"]
[EventType "tourn (corr)"]
[EventRounds "6"]
[EventCountry "GER"]
[SourceTitle "Corr 2022"]
[Source "ChessBase"]
[SourceDate "2021.10.24"]
[SourceVersion "1"]
[SourceVersionDate "2021.10.24"]
[SourceQuality "1"]

1. d4 Nf6 2. Nc3 d5 3. Bg5 h6 4. Bxf6 exf6 5. e3 c6 6. Bd3 Na6 7. a3 Nc7 8. Nf3 Bd6 9. 0-0 0-0 10. Ne2 Re8 11. c4 dxc4 12. Bxc4 Nd5 13. Rc1 Be6 14. e4 Nc7 15. Bxe6 Nxe6 16. Qb3 Qd7 17. Rfe1 Rad8 18. g3 Ng5 19. Nxg5 hxg5 20. Nc3 Qc8 21. d5 g6 22. Nd1 Kg7 23. Qf3 g4 24. Qd3 f5 25. Rc4 f4 26. Qd4+ Be5 27. Qxa7 Qd7 28. Nc3 Qd6 29. Qxb7 fxg3 30. hxg3 Bxg3 31. Qa7 Rb8 32. Qc5 Bh2+ 33. Kg2 Qf6 34. Qe3 Rxb2 35. Nd1 cxd5 36. Nxb2 dxc4 37. Nxc4 Rh8 38. e5 Qe6 39. Nd6 Rh5 40. Ne4 Qxe5 41. Qc3 f5 42. Qxe5+ Bxe5 43. Ng3 Bxg3 44. fxg3 Rh8 45. a4 Ra8 46. Ra1 Ra5 47. Kf2 Kf6 48. Ra3 Ke5 1/2-1/2

[Event "SC-2019-0-00377"]
[Site "LSS email"]
[Date "2019.08.31"]
[Round "?"]
[White "Linart, Ludvik"]
[Black "Obukhov, Gennady Nikolaevich"]
[Result "0-1"]
[WhiteElo "1743"]
[BlackElo "1906"]
[PlyCount "66"]
[EventDate "2019.07.01"]
[EventType "tourn (corr)"]
[EventRounds "6"]
[EventCountry "GER"]
[SourceTitle "Corr 2022"]
[Source "ChessBase"]
[SourceDate "2021.10.24"]
[SourceVersion "1"]
[SourceVersionDate "2021.10.24"]
[SourceQuality "1"]

1. d4 Nf6 2. c4 e6 3. Nf3 c5 4. d5 b5 5. dxe6 fxe6 6. cxb5 a6 7. e3 d5 8. b3 Bd7 9. bxa6 Bd6 10. Bb2 0-0 11. Be2 Nxa6 12. 0-0 Qb8 13. h3 e5 14. e4 d4 15. Nbd2 Kh8 16. a3 Nc7 17. a4 Ne6 18. Re1 g5 19. Nh2 Bc7 20. Nc4 Nf4 21. Bf1 g4 22. Nxg4 Nxg4 23. hxg4 Rg8 24. Bc1 Bxg4 25. f3 Be6 26. Bxf4 exf4 27. a5 Qd8 28. Qd2 Rg3 29. a6 Qg5 30. Qf2 Qh5 31. b4 Rag8 32. bxc5 Bxc4 33. Qxd4+ Be5 0-1

[Event "OP-2019-0-04835"]
[Site "LSS email"]
[Date "2019.08.27"]
[Round "?"]
[White "Obukhov, Gennady Nikolaevich"]
[Black "Ruano Casanova, Enrique"]
[Result "1/2-1/2"]
[WhiteElo "1913"]
[BlackElo "1334"]
[PlyCount "50"]
[EventDate "2019.08.19"]
[EventType "tourn (corr)"]
[EventRounds "4"]
[EventCountry "GER"]
[SourceTitle "Corr 2022"]
[Source "ChessBase"]
[SourceDate "2021.10.24"]
[SourceVersion "1"]
[SourceVersionDate "2021.10.24"]
[SourceQuality "1"]

1. e4 e6 2. Nc3 d5 3. d4 dxe4 4. Nxe4 Nd7 5. g3 Be7 6. Nf3 Ngf6 7. Nxf6+ Bxf6 8. Bg2 0-0 9. 0-0 e5 10. Be3 exd4 11. Bxd4 h6 12. c3 Re8 13. a4 a5 14. Qc2 Bxd4 15. Nxd4 Nf6 16. Rfe1 Rxe1+ 17. Rxe1 c6 18. Qb3 c5 19. Nf3 Qc7 20. Ne5 Rb8 21. Bf1 Be6 22. Qb5 Rd8 23. Bc4 Rd6 24. f4 g6 25. Bxe6 Rxe6 1/2-1/2

[Event "SC-2019-0-00377"]
[Site "LSS email"]
[Date "2019.08.26"]
[Round "?"]
[White "Wernitz, Helmut"]
[Black "Obukhov, Gennady Nikolaevich"]
[Result "0-1"]
[WhiteElo "1884"]
[BlackElo "1906"]
[PlyCount "44"]
[EventDate "2019.07.01"]
[EventType "tourn (corr)"]
[EventRounds "6"]
[EventCountry "GER"]
[SourceTitle "Corr 2022"]
[Source "ChessBase"]
[SourceDate "2021.10.24"]
[SourceVersion "1"]
[SourceVersionDate "2021.10.24"]
[SourceQuality "1"]

1. d4 Nf6 2. Nc3 d5 3. e4 dxe4 4. f3 exf3 5. Qxf3 g6 6. Bf4 Bg7 7. 0-0-0 0-0 8. Bd3 c5 9. Nge2 cxd4 10. Nb5 Nc6 11. Bc4 Bg4 12. Qd3 e5 13. Bg5 a6 14. Bxf6 Qxf6 15. Na3 b5 16. Qg3 bxc4 17. Qxg4 c3 18. Kb1 Rfb8 19. b3 Qd6 20. Nc4 Qc5 21. Ka1 a5 22. a4 Rb4 0-1

[Event "SC-2019-0-00376"]
[Site "LSS email"]
[Date "2019.07.31"]
[Round "?"]
[White "Linart, Ludvik"]
[Black "Obukhov, Gennady Nikolaevich"]
[Result "1/2-1/2"]
[WhiteElo "1740"]
[BlackElo "1891"]
[PlyCount "65"]
[EventDate "2019.06.07"]
[EventType "tourn (corr)"]
[EventRounds "6"]
[EventCountry "GER"]
[SourceTitle "Corr 2022"]
[Source "ChessBase"]
[SourceDate "2021.10.24"]
[SourceVersion "1"]
[SourceVersionDate "2021.10.24"]
[SourceQuality "1"]

1. d4 e6 2. Nf3 Nf6 3. c4 Bb4+ 4. Nbd2 0-0 5. e3 d5 6. Be2 b6 7. a3 Be7 8. 0-0 c5 9. b3 Nc6 10. Bb2 Bb7 11. dxc5 bxc5 12. Qc2 g6 13. Rab1 Qb6 14. Ne5 a5 15. Ndf3 Rab8 16. Rfc1 Nxe5 17. Nxe5 Rfd8 18. b4 cxb4 19. c5 Qc7 20. axb4 axb4 21. c6 Bc8 22. Bd4 Ra8 23. Nd3 Ne8 24. Nxb4 e5 25. Bc5 Bxc5 26. Qxc5 Ra5 27. Qc2 Kg7 28. Qd2 Bf5 29. Rb2 Qd6 30. Na6 Ra3 31. c7 Ra8 32. Rb7 R3xa6 33. Bxa6 1/2-1/2

[Event "SC-2019-0-00376"]
[Site "LSS email"]
[Date "2019.07.30"]
[Round "?"]
[White "Grillo, Roberto"]
[Black "Obukhov, Gennady Nikolaevich"]
[Result "1/2-1/2"]
[WhiteElo "1818"]
[BlackElo "1891"]
[PlyCount "44"]
[EventDate "2019.06.07"]
[EventType "tourn (corr)"]
[EventRounds "6"]
[EventCountry "GER"]
[SourceTitle "Corr 2022"]
[Source "ChessBase"]
[SourceDate "2021.10.24"]
[SourceVersion "1"]
[SourceVersionDate "2021.10.24"]
[SourceQuality "1"]

1. d4 e6 2. c4 Nf6 3. g3 Bb4+ 4. Bd2 a5 5. Bg2 0-0 6. e4 d6 7. Ne2 e5 8. a3 Bxd2+ 9. Nxd2 a4 10. 0-0 Bg4 11. f3 Bd7 12. Rf2 exd4 13. Nxd4 Nc6 14. Nf1 Qb8 15. Ne3 Qa7 16. Ndc2 Rfb8 17. Bf1 Na5 18. Qe1 b5 19. Nd5 Nxd5 20. cxd5 Nb3 21. Rd1 Qc5 22. Rd3 Re8 1/2-1/2

[Event "SC-2019-0-00375"]
[Site "LSS email"]
[Date "2019.07.22"]
[Round "?"]
[White "Obukhov, Gennady Nikolaevich"]
[Black "Ilyin, Igor"]
[Result "1/2-1/2"]
[WhiteElo "1851"]
[BlackElo "1926"]
[PlyCount "90"]
[EventDate "2019.04.30"]
[EventType "tourn (corr)"]
[EventRounds "6"]
[EventCountry "GER"]
[SourceTitle "Corr 2022"]
[Source "ChessBase"]
[SourceDate "2021.10.24"]
[SourceVersion "1"]
[SourceVersionDate "2021.10.24"]
[SourceQuality "1"]

1. e4 c5 2. g3 Nc6 3. Bg2 g6 4. Nc3 Bg7 5. Nf3 d6 6. 0-0 Nf6 7. d4 cxd4 8. Nxd4 0-0 9. Nce2 Bd7 10. Nxc6 Bxc6 11. Nc3 Nd7 12. Re1 Rc8 13. a4 Nc5 14. Ra3 Qd7 15. Be3 Nxa4 16. Nxa4 Bxa4 17. b3 Bc6 18. Rxa7 Bc3 19. Bd2 Bd4 20. Ra5 Qc7 21. Qe2 Ra8 22. Rxa8 Rxa8 23. h4 Bd7 24. Be3 Bxe3 25. Qxe3 Qxc2 26. e5 dxe5 27. Qxe5 Qxb3 28. Bd5 Qb4 29. Qxe7 Qxe7 30. Rxe7 Bc6 31. Bxc6 bxc6 32. Rc7 Ra1+ 33. Kg2 Rc1 34. Kf3 Kg7 35. Ke4 h5 36. Kf4 Kf6 37. f3 Rc4+ 38. Ke3 Ke6 39. Kd3 Rc1 40. g4 c5 41. Kd2 Rc4 42. Kd3 Rd4+ 43. Ke3 hxg4 44. Rxc5 Rb4 45. fxg4 Rxg4 1/2-1/2

[Event "OP-2019-0-04806"]
[Site "LSS email"]
[Date "2019.07.11"]
[Round "?"]
[White "Plastinin, Alexandr"]
[Black "Obukhov, Gennady Nikolaevich"]
[Result "0-1"]
[WhiteElo "1088"]
[BlackElo "1906"]
[PlyCount "60"]
[EventDate "2019.07.03"]
[EventType "tourn (corr)"]
[EventRounds "4"]
[EventCountry "GER"]
[SourceTitle "Corr 2022"]
[Source "ChessBase"]
[SourceDate "2021.10.24"]
[SourceVersion "1"]
[SourceVersionDate "2021.10.24"]
[SourceQuality "1"]

1. e4 e6 2. Nf3 d5 3. exd5 exd5 4. d4 Nc6 5. Be3 Nf6 6. Be2 Bd6 7. 0-0 0-0 8. c4 dxc4 9. Bxc4 Bf5 10. Nc3 h6 11. h3 Qd7 12. Nb5 a6 13. Nxd6 Qxd6 14. a3 Rad8 15. b4 Rfe8 16. b5 axb5 17. Bxb5 Nd5 18. Ne5 Nxe5 19. Bxe8 Qg6 20. dxe5 Nxe3 21. Bxf7+ Kxf7 22. Qb3+ Nd5 23. Qxb7 Bxh3 24. g3 Qe4 25. f3 Qxe5 26. Kh2 Bxf1 27. Rxf1 Qe2+ 28. Kg1 Ne3 29. Qxc7+ Ke8 30. Qc6+ Kf8 0-1

[Event "SC-2019-0-00374"]
[Site "LSS email"]
[Date "2019.07.03"]
[Round "?"]
[White "Gronbech, Torsten"]
[Black "Obukhov, Gennady Nikolaevich"]
[Result "0-1"]
[WhiteElo "1700"]
[BlackElo "1841"]
[PlyCount "52"]
[EventDate "2019.03.30"]
[EventType "tourn (corr)"]
[EventRounds "6"]
[EventCountry "GER"]
[SourceTitle "Corr 2022"]
[Source "ChessBase"]
[SourceDate "2021.10.24"]
[SourceVersion "1"]
[SourceVersionDate "2021.10.24"]
[SourceQuality "1"]

1. d4 e6 2. e4 d5 3. e5 c5 4. c4 cxd4 5. Nf3 Nc6 6. Bd3 dxc4 7. Bxc4 Nxe5 8. Nxe5 Qa5+ 9. Bd2 Qxe5+ 10. Qe2 Qxe2+ 11. Bxe2 Bd7 12. 0-0 Nf6 13. Na3 Bxa3 14. bxa3 0-0 15. Rac1 e5 16. f4 e4 17. Bb4 Rfc8 18. Rxc8+ Rxc8 19. Bd6 d3 20. Bd1 e3 21. Bb3 d2 22. Bb4 Rc1 23. h4 e2 24. Bxd2 exf1Q+ 25. Kh2 Ng4+ 26. Kg3 Qd3+ 0-1

[Event "SC-2019-0-00374"]
[Site "LSS email"]
[Date "2019.07.03"]
[Round "?"]
[White "Sandocal, Uzmir"]
[Black "Obukhov, Gennady Nikolaevich"]
[Result "1/2-1/2"]
[WhiteElo "1878"]
[BlackElo "1841"]
[PlyCount "59"]
[EventDate "2019.03.30"]
[EventType "tourn (corr)"]
[EventRounds "6"]
[EventCountry "GER"]
[SourceTitle "Corr 2022"]
[Source "ChessBase"]
[SourceDate "2021.10.24"]
[SourceVersion "1"]
[SourceVersionDate "2021.10.24"]
[SourceQuality "1"]

1. b4 c6 2. Bb2 d5 3. e3 Nf6 4. a3 Bf5 5. c4 e6 6. c5 Be7 7. Nf3 0-0 8. Be2 Nbd7 9. 0-0 h6 10. Nc3 Qc7 11. Na4 e5 12. d4 e4 13. Nd2 b5 14. Nc3 a5 15. bxa5 Rxa5 16. Nb3 Ra7 17. Nc1 Rb8 18. N1a2 Nf8 19. Nb4 Qd7 20. a4 bxa4 21. Rxa4 Rab7 22. Nca2 Ng6 23. Bc3 Nh4 24. Kh1 Bd8 25. Ra6 Rc8 26. Rg1 Ra7 27. Rxa7 Qxa7 28. Na6 Qe7 29. N2b4 Qe6 30. Be1 1/2-1/2

[Event "RC-2019-0-00230"]
[Site "LSS email"]
[Date "2019.05.27"]
[Round "?"]
[White "Shapovalov, Sergey"]
[Black "Obukhov, Gennady Nikolaevich"]
[Result "0-1"]
[WhiteElo "1786"]
[BlackElo "1794"]
[PlyCount "72"]
[EventDate "2019.01.31"]
[EventType "tourn (corr)"]
[EventRounds "6"]
[EventCountry "GER"]
[SourceTitle "Corr 2022"]
[Source "ChessBase"]
[SourceDate "2021.10.24"]
[SourceVersion "1"]
[SourceVersionDate "2021.10.24"]
[SourceQuality "1"]

1. e4 e6 2. d3 c5 3. Nf3 Nc6 4. g3 d5 5. Qe2 Nge7 6. Bg2 g6 7. 0-0 Bg7 8. c3 0-0 9. Na3 b6 10. Re1 h6 11. h4 e5 12. exd5 Nxd5 13. Nc4 Bg4 14. Qc2 Re8 15. Nfd2 Qd7 16. Ne4 Rf8 17. a4 Bh3 18. Bf3 Rad8 19. a5 Be6 20. h5 gxh5 21. axb6 axb6 22. Bxh5 f5 23. Ned6 Qe7 24. Nb5 Kh8 25. Bf3 f4 26. Qe2 Qf6 27. Be4 f3 28. Qf1 Qf7 29. Bxd5 Rxd5 30. Nxb6 Rdd8 31. c4 Nd4 32. Nxd4 Rxd4 33. Be3 Rh4 34. gxh4 Qh5 35. Bg5 hxg5 36. Re4 Rf4 0-1

[Event "OP-2019-0-04776"]
[Site "LSS email"]
[Date "2019.05.18"]
[Round "?"]
[White "Obukhov, Gennady Nikolaevich"]
[Black "Vodicka, Milan"]
[Result "1/2-1/2"]
[WhiteElo "1859"]
[BlackElo "1908"]
[PlyCount "59"]
[EventDate "2019.05.02"]
[EventType "tourn (corr)"]
[EventRounds "4"]
[EventCountry "GER"]
[SourceTitle "Corr 2022"]
[Source "ChessBase"]
[SourceDate "2021.10.24"]
[SourceVersion "1"]
[SourceVersionDate "2021.10.24"]
[SourceQuality "1"]

1. e4 e5 2. Nc3 Nf6 3. f4 d5 4. fxe5 Nxe4 5. Nf3 Be7 6. Qe2 Nxc3 7. dxc3 Be6 8. Nd4 0-0 9. Bf4 Bc8 10. 0-0-0 c5 11. Nb5 Nc6 12. Kb1 Be6 13. c4 d4 14. Qe4 g6 15. Bd3 Qd7 16. Nd6 Bxd6 17. exd6 Rfe8 18. Bh6 Qxd6 19. Qh4 b5 20. Bf4 Qd7 21. Qf6 Qd8 22. Qxd8 Raxd8 23. cxb5 Nb4 24. b3 Nd5 25. Rdf1 Kg7 26. Bd2 Ne3 27. Rf2 Bd5 28. Rg1 Rb8 29. Re2 f5 30. g3 1/2-1/2

[Event "RC-2019-0-00231"]
[Site "LSS email"]
[Date "2019.05.14"]
[Round "?"]
[White "Obukhov, Gennady Nikolaevich"]
[Black "Mueller, Bernd"]
[Result "1/2-1/2"]
[WhiteElo "1822"]
[BlackElo "1732"]
[PlyCount "60"]
[EventDate "2019.02.21"]
[EventType "tourn (corr)"]
[EventRounds "6"]
[EventCountry "GER"]
[SourceTitle "Corr 2022"]
[Source "ChessBase"]
[SourceDate "2021.10.24"]
[SourceVersion "1"]
[SourceVersionDate "2021.10.24"]
[SourceQuality "1"]

1. e4 c5 2. Nf3 Nc6 3. b4 Nxb4 4. c3 Nc6 5. d4 d5 6. exd5 Qxd5 7. Be2 cxd4 8. cxd4 e6 9. 0-0 Nf6 10. Be3 Be7 11. Nc3 Qa5 12. Rc1 0-0 13. Nd2 h6 14. Nc4 Qd8 15. h3 Nb4 16. Ne5 Bd7 17. Bf3 Bc6 18. Nxc6 bxc6 19. Qa4 a5 20. Rfd1 Qb8 21. Bxc6 Nxc6 22. Qxc6 Ba3 23. Rc2 Rc8 24. Qf3 Nd5 25. Bd2 Bb4 26. Rdc1 Bxc3 27. Bxc3 Qb7 28. Qg3 a4 29. Kh2 Qb8 30. Bb2 Rxc2 1/2-1/2